Hacia una filosofía de la ciencia centrada en prácticas /

Bewaard in:
Bibliografische gegevens
Hoofdauteur: Martínez, Sergio F. (autor)
Andere auteurs: Huang, Xiang (autor) (autor)
Formaat: Boek
Taal:Spaans
Gepubliceerd in: México : Bonilla Artigas Editores : UNAM, Instituto de Investigaciones Filosóficas, 2015, c2015
Reeks:(Filosófica Bonilla Artigas Editores ; 2)
Onderwerpen:
Tags: Voeg label toe
Geen labels, Wees de eerste die dit record labelt!

MARC

LEADER 00000nam^a2200000^a^4500
001 000568602
005 20250521000000.0
009 20260310132150.654
020 |a 978-607-8450-06-0 
020 |a 978-607-02-7205-9 
037 |a Acervo ITESO - Biblioteca 
041 |a ESP 
082 |a 121.  |b MAR 
100 |a Martínez, Sergio F.  |e (autor) 
245 1 0 |a Hacia una filosofía de la ciencia centrada en prácticas /  |c S.F. Martínez, X. Huang. 
264 4 |a México :  |b Bonilla Artigas Editores :  |b UNAM, Instituto de Investigaciones Filosóficas,  |c 2015, c2015 
300 |a 213 p. 
336 |a texto  |b txt  |2 rdacontenido 
337 |a sin mediación  |b n  |2 rdamedio 
338 |a volumen  |b nc  |2 rdasoporte 
440 1 |a (Filosófica Bonilla Artigas Editores ;  |v 2) 
649 |a XX 
650 |a Heurística 
650 |a Sociología de la Ciencia 
650 |a Epistemología -  |x Tema Principal 
650 |a Ciencia -  |x Historia 
650 |a Ciencia -  |x Metodología 
700 |a Huang, Xiang  |e (autor) 
910 |a Fondo General 
920 |a Impresos - Libros 
930 |a Colección General 
905 |a 101 
901 |a 0500395238  |b IT1  |c ACC  |i C182859  |u 20250521 
902 |a https://opac.biblio.iteso.mx/vufind/Record/000568602